Iron Maiden Song Initials - Statistics

General Stats
  • This quiz has been taken 170 times
  • The average score is 18 of 40
Answer Stats
Initials Song % Correct
2MTM 2 Minutes to Midnight
92%
AH Aces High
83%
TNOTB The Number of the Beast
78%
TT The Trooper
77%
FOTD Fear of the Dark
75%
BYD...TTS Bring Your Daughter... to the Slaughter
73%
WY Wasted Years
72%
RTTH Run to the Hills
69%
BQOBD Be Quick or Be Dead
67%
IM Iron Maiden
67%
CIPWM Can I Play with Madness
61%
HBTN Hallowed Be Thy Name
58%
BB Blood Brothers
56%
FOI Flight of Icarus
54%
ROTAM Rime of the Ancient Mariner
52%
LOTF Lord of the Flies
48%
TWM The Wicker Man
46%
FTGGOG For the Greater Good of God
45%
RF Running Free
45%
WL Wasting Love
44%
POTO Phantom of the Opera
42%
TETMD The Evil That Men Do
41%
TC The Clairvoyant
38%
HS Holy Smoke
37%
WED Where Eagles Dare
37%
ATG Alexander the Great
34%
ID Infinite Dreams
32%
WD Wildest Dreams
32%
TROBB The Reincarnation of Benjamin Breeg
31%
OOTSP Out of the Silent Planet
30%
SIASL Stranger in a Strange Land
30%
SOTC Sign of the Cross
27%
FHTE From Here to Eternity
24%
ATSS Afraid to Shoot Strangers
23%
SOL Speed of Light
23%
EOTC Empire of the Clouds
22%
ED El Dorado
18%
MOTE Man on the Edge
18%
DW Different World
17%
TAATG The Angel and the Gambler
17%
No matching quizzes found
Score Distribution
Percent of People with Each Score
Percentile by Number Answered
Your Score History
You have not taken this quiz